| 000 | 01392nam a2200265Ia 4500 | ||
|---|---|---|---|
| 001 | 372357 | ||
| 003 | EC-QuCCB | ||
| 005 | 20241218094630.0 | ||
| 008 | 130917s1985 ec a| gr 001 0dspa d | ||
| 040 | _aEC-QuCCB | ||
| 082 |
_a709.866 _bM774 |
||
| 100 | 1 |
_aMonteforte Toledo, Mario, _d1911-2003 _95247 |
|
| 245 | 1 | 4 |
_aLos signos del hombre _cMario Monteforte Toledo |
| 246 | 1 | 0 | _aPlástica y sociedad en el Ecuador |
| 250 | _aPrimera edición | ||
| 260 |
_aCuenca, Ecuador : _bPUCE. Sede Cuenca, _c1985 |
||
| 300 |
_a464 páginas : _bilustraciones ; _c31 cm |
||
| 336 | _atxt | ||
| 337 | _an | ||
| 338 | _anc | ||
| 505 | 1 | _a1. Las culturas originarias -- 1. El choque de las culturas madres -- 3. Las instituciones básicas -- 4. El arte en el siglo XVI. Tendencias en la Colonia -- 5. Siglo XVII. El esplendor colonial y el Barroco -- 6. Siglo XVIII. Ocaso de la Colonia -- 7. La República y el arte laico, 1830-1895 -- 8. Ascenso de la burguesía, 1896-1925 -- 9. Depresión, agitación, realismo social, 1926-1944 -- 10. La cuestión de las regiones -- 11. El período bananero y la "Revolución cultural", 1945-1960 -- 12. El período bananero, 1945-1970 -- 14. El período petrolero y el marco estético, 1971-1982 -- 15. La cultura cosmopolita y el arte de hoy | |
| 650 | 4 |
_aArte ecuatoriano _911021 _xHistoria |
|
| 651 | 4 |
_916977 _aEcuador _xHistoria |
|
| 942 |
_2ddc _cBK |
||
| 999 |
_c26883 _d26883 |
||